000 00866nam a22002777a 4500
001 BR7310001
003 BR-BrBNA
005 20230928084144.0
007 ta
008 230509b bl.||||| |||| 00| 0 por d
040 _aBR-BrBNA
_bpor
_cBiblioteca Nacional de Agricultura
041 _a(Por)
072 _aL72
_b5300
_b/G514
090 _ 5300 BR7310001
100 1 _aKubiak, G.V.L.
110 1 _aEscola Superior de Agricultura e Veterinaria do Parana, Curitiba (Brasil)
_0Tese (Catedra)
_94373
245 1 _aSobre os helmintos que ocorrem em Sus scrofa domesticus Linnaeus, 1758 no Parana [Suino; Verminose; Brasil]
260 3 _aCuritiba, PR (Brasil):
_c1950.
300 _a73 p.
500 _aBibliography p. 57-62 (59 ref.)
650 _aSuino
650 _aVerminose
650 _aNematoide
909 _a202309
_bLucia
_c55
_dLucia Elande
942 _cBK
999 _c17184
_d17184